000 00687nam a2200277Ia 4500
005 20260320195833.0
008 008 262003s9999 xx 000 0 hin d
020 _a9788193969267
037 _aEBOOK
040 _aCRL
040 _bhin
040 _cCRL
041 _2hin
041 _ahin
084 _qCRL
100 _aरघुवीर सहाय
_91133275
245 0 _aदिल्ली मेरा परदेस
250 _a1st
260 _bRajkamal
260 _c2019
300 _a152
856 _uhttps://ebook.indiaread.in/pdfs/936_dilli_mera_pardes_by_raghuvir_sahay.pdf
942 _cEBOOK
999 _c1716770
_d1716770